000 002340000a22000970004500
100 1 _aDezcallar, Jorge
245 1 0 _aIslam : Hierve el fanatismo
300 _aVol. 25, Núm 25 (1993), Páginas 64-66
773 0 _tCambio 16
942 _cANA
999 _c58327
_d58327